Online Catalogue and eLibrary

Eluthatha Varalaru: (Record no. 4284)

MARC details
000 -LEADER
fixed length control field 00518nam a2200193Ia 4500
005 - DATE AND TIME OF LATEST TRANSACTION
control field 20250220054912.0
008 - FIXED-LENGTH DATA ELEMENTS--GENERAL INFORMATION
fixed length control field 240331s9999 xx 000 0 und d
020 ## - INTERNATIONAL STANDARD BOOK NUMBER
ISBN 9559391003
082 ## - DDC Classification
Item Number - Author Mark MUT
DDC Edition Number 5701
Class No. 954
100 ## - MAIN ENTRY--PERSONAL NAME
Personal name Muthulingam, P
245 #0 - TITLE STATEMENT
Title Eluthatha Varalaru:
Remainder of title Ilangai Dravidar Iyakkam Pattiya Aaivu
260 ## - PUBLICATION, DISTRIBUTION, ETC.
Place of publication, distribution, etc. Kandy
Name of publisher, distributor, etc. Sri Lanka Department of Social Development
Date of publication, distribution, etc. 1996
300 ## - PHYSICAL DESCRIPTION
Extent (e.g. Volumes, Pages etc.) vi, 122 p.,
650 ## - SUBJECT ADDED ENTRY--TOPICAL TERM
Topical term or geographic name entry element History
650 ## - SUBJECT ADDED ENTRY--TOPICAL TERM
Topical term or geographic name entry element Dravidian
650 ## - SUBJECT ADDED ENTRY--TOPICAL TERM
Topical term or geographic name entry element Language
650 ## - SUBJECT ADDED ENTRY--TOPICAL TERM
Topical term or geographic name entry element Politics
942 ## - Koha item type (Biblio)
Koha item type Books in Stacks (Lending)
Holdings
Lost status Damaged status Collection code Home library Current library Shelving location Date acquired Full call number Accession Number Item type
    Lending WERC Library WERC Library Social Science Cupboard 03/31/2024 954 MUT 5701 Books in Stacks (Lending)

© WERC Library